[Event "DVM U14 2022"]
[Site "Kelheim GER"]
[Date "2022.12.29"]
[Round "5"]
[White "Krüger, Arthur"]
[Black "Blodig, Vincent"]
[Result "1-0"]
[Termination "normal"]
[Board "5.1"]
[WhiteElo "1953"]
[BlackElo "1541"]
[WhiteClock "00:21:15"]
[BlackClock "01:15:07"]
[WhiteTeam "Hamburger SK von 1830 eV"]
[BlackTeam "Schachfreunde Augsburg"]
[PlyCount "123"]
[WhiteFideId "16244966"]
[BlackFideId "16297857"]
[EventCountry "GER"]
[EventRounds "7"]
[EventType "team-swiss"]
[EventDate "2022.12.26"]

1. d4 {[%clk 01:30:56]} {[%emt 00:00:03]} Nf6 {[%clk 01:30:47]} {[%emt
00:00:14]} 2. Nf3 {[%clk 01:31:15]} {[%emt 00:00:11]} e6 {[%clk 01:31:01]}
{[%emt 00:00:15]} 3. Bf4 {[%clk 01:31:27]} {[%emt 00:00:19]} d5 {[%clk
01:31:13]} {[%emt 00:00:19]} 4. e3 {[%clk 01:31:44]} {[%emt 00:00:12]} c5
{[%clk 01:31:17]} {[%emt 00:00:26]} 5. c3 {[%clk 01:32:00]} {[%emt 00:00:15]}
Bd6 {[%clk 01:31:36]} {[%emt 00:00:10]} 6. Bg3 {[%clk 01:32:16]} {[%emt
00:00:15]} Qc7 {[%clk 01:31:51]} {[%emt 00:00:13]} 7. Nbd2 {[%clk 01:31:42]}
{[%emt 00:01:05]} Nbd7 {[%clk 01:31:59]} {[%emt 00:00:21]} 8. Bd3 {[%clk
01:31:35]} {[%emt 00:00:37]} O-O {[%clk 01:32:18]} {[%emt 00:00:11]} 9. Qe2
{[%clk 01:29:49]} {[%emt 00:02:17]} Re8 {[%clk 01:30:04]} {[%emt 00:02:44]} 10.
O-O {[%clk 01:29:31]} {[%emt 00:00:48]} Bxg3 {[%clk 01:29:52]} {[%emt
00:00:43]} 11. hxg3 {[%clk 01:29:51]} {[%emt 00:00:09]} e5 {[%clk 01:30:13]}
{[%emt 00:00:09]} 12. dxe5 {[%clk 01:28:28]} {[%emt 00:01:53]} Nxe5 {[%clk
01:30:33]} {[%emt 00:00:10]} 13. Nxe5 {[%clk 01:24:02]} {[%emt 00:04:56]} Qxe5
{[%clk 01:30:34]} {[%emt 00:00:29]} 14. Nf3 {[%clk 01:17:01]} {[%emt 00:07:31]}
Qh5 {[%clk 01:30:33]} {[%emt 00:00:30]} 15. Nh2 {[%clk 01:15:28]} {[%emt
00:02:04]} Bg4 {[%clk 01:27:09]} {[%emt 00:03:54]} 16. Qd2 {[%clk 01:10:12]}
{[%emt 00:05:46]} Ne4 {[%clk 01:26:34]} {[%emt 00:01:05]} 17. Bxe4 {[%clk
01:10:34]} {[%emt 00:00:08]} dxe4 {[%clk 01:26:47]} {[%emt 00:00:17]} 18. Nxg4
{[%clk 01:06:47]} {[%emt 00:04:18]} Qxg4 {[%clk 01:27:07]} {[%emt 00:00:09]}
19. Rad1 {[%clk 01:04:18]} {[%emt 00:02:59]} g6 {[%clk 01:16:24]} {[%emt
00:11:13]} 20. Qd7 {[%clk 01:01:14]} {[%emt 00:03:33]} Qe2 {[%clk 01:15:03]}
{[%emt 00:01:52]} 21. Qxb7 {[%clk 00:57:46]} {[%emt 00:03:58]} Rab8 {[%clk
01:14:36]} {[%emt 00:00:57]} 22. Qxa7 {[%clk 00:42:23]} {[%emt 00:15:54]} Rxb2
{[%clk 01:14:44]} {[%emt 00:00:21]} 23. Qxc5 {[%clk 00:42:02]} {[%emt
00:00:50]} Rxa2 {[%clk 01:14:10]} {[%emt 00:01:04]} 24. Qc6 {[%clk 00:36:44]}
{[%emt 00:05:49]} Raa8 {[%clk 01:13:16]} {[%emt 00:01:23]} 25. Rd7 {[%clk
00:34:53]} {[%emt 00:02:21]} Qa6 {[%clk 01:03:17]} {[%emt 00:10:29]} 26. Qxa6
{[%clk 00:28:09]} {[%emt 00:07:14]} Rxa6 {[%clk 01:03:39]} {[%emt 00:00:08]}
27. Rb1 {[%clk 00:23:04]} {[%emt 00:05:35]} Ra3 {[%clk 01:01:40]} {[%emt
00:02:28]} 28. Rc1 {[%clk 00:18:21]} {[%emt 00:05:15]} Rea8 {[%clk 01:01:17]}
{[%emt 00:00:52]} 29. c4 {[%clk 00:13:27]} {[%emt 00:05:24]} Ra1 {[%clk
01:01:13]} {[%emt 00:00:33]} 30. Rdd1 {[%clk 00:13:23]} {[%emt 00:00:35]} Rxc1
{[%clk 01:01:27]} {[%emt 00:00:16]} 31. Rxc1 {[%clk 00:13:52]} Rc8 {[%clk
01:01:41]} {[%emt 00:00:16]} 32. Kf1 {[%clk 00:10:59]} {[%emt 00:03:24]} f5
{[%clk 01:00:24]} {[%emt 00:01:46]} 33. Ke2 {[%clk 00:11:07]} {[%emt 00:00:22]}
Kf7 {[%clk 01:00:27]} {[%emt 00:00:27]} 34. Kd2 {[%clk 00:11:09]} {[%emt
00:00:28]} Ke6 {[%clk 01:00:29]} {[%emt 00:00:28]} 35. Kc3 {[%clk 00:11:06]}
{[%emt 00:00:33]} g5 {[%clk 00:56:39]} {[%emt 00:04:19]} 36. Rh1 {[%clk
00:08:25]} {[%emt 00:03:11]} Rc7 {[%clk 00:54:55]} {[%emt 00:02:14]} 37. Rh6
{[%clk 00:07:35]} {[%emt 00:01:22]} Ke5 {[%clk 00:55:05]} {[%emt 00:00:19]} 38.
Rb6 {[%clk 00:07:37]} {[%emt 00:00:28]} Ra7 {[%clk 00:53:50]} {[%emt 00:01:45]}
39. Rb5 {[%clk 00:07:37]} {[%emt 00:00:30]} Ke6 {[%clk 00:54:03]} {[%emt
00:00:16]} 40. Kb2 {[%clk 00:06:11]} {[%emt 00:01:56]} Rc7 {[%clk 00:54:06]}
{[%emt 00:00:27]} 41. Kc3 {[%clk 00:02:44]} {[%emt 00:03:58]} Ra7 {[%clk
00:54:14]} {[%emt 00:00:21]} 42. Rb2 {[%clk 00:01:21]} {[%emt 00:01:54]} Ke5
{[%clk 00:52:51]} {[%emt 00:01:52]} 43. Rd2 {[%clk 00:27:38]} {[%emt 00:04:13]}
Ra8 {[%clk 01:21:28]} {[%emt 00:01:53]} 44. c5 {[%clk 00:25:47]} {[%emt
00:02:22]} Ra1 {[%clk 01:20:39]} {[%emt 00:01:18]} 45. Kb4 {[%clk 00:25:41]}
{[%emt 00:00:37]} g4 {[%clk 01:20:20]} {[%emt 00:00:49]} 46. c6 {[%clk
00:25:25]} {[%emt 00:00:46]} Rc1 {[%clk 01:20:26]} {[%emt 00:00:24]} 47. Kb5
{[%clk 00:25:49]} {[%emt 00:00:06]} h5 {[%clk 01:20:30]} {[%emt 00:00:25]} 48.
Kb6 {[%clk 00:26:00]} {[%emt 00:00:20]} Ke6 {[%clk 01:20:24]} {[%emt 00:00:36]}
49. Kb7 {[%clk 00:25:30]} {[%emt 00:00:59]} Rb1 {[%clk 01:19:13]} {[%emt
00:01:42]} 50. Kc8 {[%clk 00:25:33]} {[%emt 00:00:27]} Rb5 {[%clk 01:18:25]}
{[%emt 00:01:18]} 51. c7 {[%clk 00:24:16]} {[%emt 00:01:48]} Ke7 {[%clk
01:18:33]} {[%emt 00:00:21]} 52. Rd7 {[%clk 00:23:22]} {[%emt 00:01:23]} Ke8
{[%clk 01:18:50]} {[%emt 00:00:13]} 53. Rh7 {[%clk 00:23:30]} {[%emt 00:00:23]}
Rb2 {[%clk 01:18:18]} {[%emt 00:01:02]} 54. Rh6 {[%clk 00:22:17]} {[%emt
00:01:43]} Ke7 {[%clk 01:17:14]} {[%emt 00:01:34]} 55. Ra6 {[%clk 00:21:51]}
{[%emt 00:00:56]} Rxf2 {[%clk 01:14:37]} {[%emt 00:03:08]} 56. Kb7 {[%clk
00:21:32]} {[%emt 00:00:48]} Rb2 {[%clk 01:14:15]} {[%emt 00:00:51]} 57. Rb6
{[%clk 00:21:49]} {[%emt 00:00:13]} Rc2 {[%clk 01:14:39]} {[%emt 00:00:06]} 58.
c8=Q {[%emt 00:00:07]} Rxc8 {[%emt 00:00:23]} 59. Kxc8 {[%clk 00:21:47]} {[%emt
00:00:02]} h4 {[%clk 01:14:38]} {[%emt 00:00:32]} 60. gxh4 {[%clk 00:21:11]}
{[%emt 00:01:06]} f4 {[%clk 01:14:57]} {[%emt 00:00:11]} 61. exf4 {[%clk
00:21:00]} {[%emt 00:00:40]} g3 {[%clk 01:15:07]} {[%emt 00:00:21]} 62. Rb4
{[%clk 00:21:15]} {[%emt 00:00:15]} 1-0

[Event "DVM U14 2022"]
[Site "Kelheim GER"]
[Date "2022.12.29"]
[Round "5"]
[White "Rempel, Alexander"]
[Black "Dorendorf, Mika"]
[Result "1/2-1/2"]
[Termination "normal"]
[Board "5.2"]
[WhiteElo "1393"]
[BlackElo "1783"]
[WhiteClock "00:43:35"]
[BlackClock "01:13:12"]
[WhiteTeam "Schachfreunde Augsburg"]
[BlackTeam "Hamburger SK von 1830 eV"]
[PlyCount "86"]
[WhiteFideId "34618600"]
[BlackFideId "16283066"]
[EventCountry "GER"]
[EventRounds "7"]
[EventType "team-swiss"]
[EventDate "2022.12.26"]

1. e4 {[%clk 01:30:57]} {[%emt 00:00:02]} c5 {[%clk 01:30:51]} {[%emt
00:00:09]} 2. Nf3 {[%clk 01:31:19]} {[%emt 00:00:10]} Nc6 {[%clk 01:31:05]}
{[%emt 00:00:14]} 3. d4 {[%clk 01:31:42]} {[%emt 00:00:08]} cxd4 {[%clk
01:31:32]} {[%emt 00:00:03]} 4. Nxd4 {[%clk 01:32:06]} {[%emt 00:00:06]} Nf6
{[%clk 01:31:58]} {[%emt 00:00:03]} 5. Nc3 {[%clk 01:32:30]} {[%emt 00:00:07]}
e5 {[%clk 01:32:25]} {[%emt 00:00:03]} 6. Ndb5 {[%clk 01:32:55]} {[%emt
00:00:05]} d6 {[%clk 01:32:52]} {[%emt 00:00:03]} 7. Bg5 {[%clk 01:32:35]}
{[%emt 00:00:49]} a6 {[%clk 01:33:16]} {[%emt 00:00:07]} 8. Na3 {[%clk
01:33:01]} {[%emt 00:00:04]} b5 {[%clk 01:33:43]} {[%emt 00:00:03]} 9. Nd5
{[%clk 01:33:26]} {[%emt 00:00:05]} Be7 {[%clk 01:34:08]} {[%emt 00:00:04]} 10.
Bxf6 {[%clk 01:33:49]} {[%emt 00:00:08]} Bxf6 {[%clk 01:34:34]} {[%emt
00:00:04]} 11. c3 {[%clk 01:34:13]} {[%emt 00:00:06]} O-O {[%clk 01:34:58]}
{[%emt 00:00:06]} 12. Nc2 {[%clk 01:34:35]} {[%emt 00:00:07]} Bg5 {[%clk
01:35:26]} {[%emt 00:00:02]} 13. a4 {[%clk 01:34:52]} {[%emt 00:00:13]} bxa4
{[%clk 01:35:52]} {[%emt 00:00:05]} 14. Rxa4 {[%clk 01:35:17]} {[%emt
00:00:04]} a5 {[%clk 01:36:20]} {[%emt 00:00:02]} 15. Bc4 {[%clk 01:35:37]}
{[%emt 00:00:11]} Kh8 {[%clk 01:36:42]} {[%emt 00:00:08]} 16. Nce3 {[%clk
01:35:21]} {[%emt 00:00:46]} Be6 {[%clk 01:36:30]} {[%emt 00:00:42]} 17. b3
{[%clk 01:25:32]} {[%emt 00:10:19]} Bxe3 {[%clk 01:35:22]} {[%emt 00:01:37]}
18. Nxe3 {[%clk 01:25:48]} {[%emt 00:00:13]} Ne7 {[%clk 01:35:33]} {[%emt
00:00:20]} 19. Bxe6 {[%clk 01:14:08]} {[%emt 00:12:11]} fxe6 {[%clk 01:35:32]}
{[%emt 00:00:31]} 20. Nc4 {[%clk 01:14:25]} {[%emt 00:00:13]} Nc8 {[%clk
01:33:44]} {[%emt 00:02:18]} 21. O-O {[%clk 01:02:24]} {[%emt 00:12:30]} Nb6
{[%clk 01:19:49]} {[%emt 00:14:25]} 22. Rxa5 {[%clk 01:00:06]} {[%emt
00:02:48]} Nxc4 {[%clk 01:19:10]} {[%emt 00:01:09]} 23. Rxa8 {[%clk 01:00:30]}
{[%emt 00:00:06]} Qxa8 {[%clk 01:19:37]} {[%emt 00:00:03]} 24. bxc4 {[%clk
01:00:49]} {[%emt 00:00:12]} Rd8 {[%clk 01:19:33]} {[%emt 00:00:33]} 25. Qd3
{[%clk 01:00:42]} {[%emt 00:00:37]} Qc6 {[%clk 01:19:51]} {[%emt 00:00:12]} 26.
Rd1 {[%clk 01:00:36]} {[%emt 00:00:36]} Qc5 {[%clk 01:19:39]} {[%emt 00:00:43]}
27. Kf1 {[%clk 00:58:48]} {[%emt 00:02:18]} h6 {[%clk 01:16:35]} {[%emt
00:03:33]} 28. Rb1 {[%clk 00:53:24]} {[%emt 00:05:54]} Rc8 {[%clk 01:16:36]}
{[%emt 00:00:29]} 29. Rb4 {[%clk 00:51:26]} {[%emt 00:02:28]} Ra8 {[%clk
01:16:25]} {[%emt 00:00:41]} 30. Qb1 {[%clk 00:48:20]} {[%emt 00:03:36]} Ra3
{[%clk 01:15:47]} {[%emt 00:01:08]} 31. Qe1 {[%clk 00:43:03]} {[%emt 00:05:46]}
Qa5 {[%clk 01:14:47]} {[%emt 00:01:31]} 32. g3 {[%clk 00:39:39]} {[%emt
00:03:54]} Ra1 {[%emt 00:01:30]} 33. Rb1 {[%clk 00:40:03]} {[%emt 00:00:05]}
Rxb1 {[%clk 01:12:56]} {[%emt 00:01:22]} 34. Qxb1 {[%clk 00:40:23]} {[%emt
00:00:11]} Qxc3 {[%clk 01:13:20]} {[%emt 00:00:06]} 35. Qb8 {[%clk 00:40:47]}
{[%emt 00:00:05]} Kh7 {[%clk 01:13:47]} {[%emt 00:00:03]} 36. Qxd6 {[%clk
00:41:04]} {[%emt 00:00:13]} Qxc4 {[%clk 01:13:37]} {[%emt 00:00:40]} 37. Kg1
{[%clk 00:41:26]} {[%emt 00:00:07]} Qxe4 {[%clk 01:13:35]} {[%emt 00:00:36]}
38. Qxe6 {[%clk 00:41:44]} {[%emt 00:00:09]} Qe1 {[%clk 01:12:14]} {[%emt
00:01:52]} 39. Kg2 {[%clk 00:42:03]} {[%emt 00:00:10]} Qe4 {[%clk 01:12:39]}
{[%emt 00:00:05]} 40. Kg1 {[%clk 00:42:27]} {[%emt 00:00:06]} Qb1 {[%clk
01:12:28]} {[%emt 00:00:40]} 41. Kg2 {[%clk 00:42:46]} {[%emt 00:00:12]} Qe4
{[%clk 01:12:18]} {[%emt 00:00:40]} 42. Kg1 {[%clk 00:43:10]} {[%emt 00:00:06]}
Qe1 {[%clk 01:12:45]} {[%emt 00:00:03]} 43. Kg2 {[%clk 00:43:35]} {[%emt
00:00:05]} Qe4 {[%clk 01:13:12]} {[%emt 00:00:03]} 1/2-1/2

[Event "DVM U14 2022"]
[Site "Kelheim GER"]
[Date "2022.12.29"]
[Round "5"]
[White "Borgert, Alexander"]
[Black "Steinberger, Michael"]
[Result "1/2-1/2"]
[Termination "normal"]
[Board "5.3"]
[WhiteElo "1541"]
[BlackElo "1610"]
[WhiteClock "01:16:25"]
[BlackClock "00:13:04"]
[WhiteTeam "Hamburger SK von 1830 eV"]
[BlackTeam "Schachfreunde Augsburg"]
[PlyCount "140"]
[WhiteFideId "16289188"]
[BlackFideId "34622373"]
[EventCountry "GER"]
[EventRounds "7"]
[EventType "team-swiss"]
[EventDate "2022.12.26"]

1. d4 {[%clk 01:30:58]} Nf6 {[%clk 01:30:57]} {[%emt 00:00:04]} 2. c4 {[%clk
01:31:22]} {[%emt 00:00:06]} e6 {[%clk 01:31:21]} {[%emt 00:00:05]} 3. Nf3
{[%clk 01:31:39]} {[%emt 00:00:13]} a6 {[%clk 01:31:36]} {[%emt 00:00:16]} 4.
Nc3 {[%clk 01:31:40]} {[%emt 00:00:28]} d5 {[%clk 01:31:52]} {[%emt 00:00:14]}
5. cxd5 {[%clk 01:31:37]} {[%emt 00:00:33]} exd5 {[%clk 01:32:01]} {[%emt
00:00:21]} 6. Bg5 {[%clk 01:31:50]} {[%emt 00:00:17]} Be7 {[%clk 01:31:03]}
{[%emt 00:01:28]} 7. e3 {[%clk 01:32:04]} {[%emt 00:00:16]} Nbd7 {[%clk
01:30:35]} {[%emt 00:00:59]} 8. Bd3 {[%clk 01:31:22]} {[%emt 00:01:11]} c6
{[%clk 01:30:07]} {[%emt 00:00:59]} 9. Qc2 {[%emt 00:01:43]} h6 {[%clk
01:29:57]} {[%emt 00:00:38]} 10. Bf4 {[%clk 01:30:14]} {[%emt 00:00:25]} Nh5
{[%clk 01:27:47]} {[%emt 00:02:41]} 11. Bg3 {[%clk 01:29:40]} {[%emt 00:01:05]}
Nxg3 {[%clk 01:22:30]} {[%emt 00:05:46]} 12. hxg3 {[%clk 01:29:47]} {[%emt
00:00:22]} Nf6 {[%clk 01:18:34]} {[%emt 00:04:27]} 13. Ne5 {[%clk 01:26:24]}
{[%emt 00:03:53]} Be6 {[%clk 01:16:32]} {[%emt 00:02:32]} 14. Qb3 {[%clk
01:22:53]} {[%emt 00:04:00]} Qc7 {[%clk 01:12:03]} {[%emt 00:05:00]} 15. Qc2
{[%clk 01:21:10]} {[%emt 00:02:13]} Nd7 {[%clk 01:08:11]} {[%emt 00:04:23]} 16.
Nxd7 {[%clk 01:20:34]} {[%emt 00:01:05]} Qxd7 {[%clk 01:07:35]} {[%emt
00:01:06]} 17. Na4 {[%clk 01:20:15]} {[%emt 00:00:49]} Qc7 {[%clk 00:59:24]}
{[%emt 00:08:39]} 18. Bf5 {[%clk 01:19:29]} {[%emt 00:01:17]} Qa5 {[%clk
00:53:35]} {[%emt 00:06:20]} 19. Nc3 {[%clk 01:19:45]} {[%emt 00:00:13]} Bxf5
{[%clk 00:45:17]} {[%emt 00:08:48]} 20. Qxf5 {[%clk 01:20:04]} {[%emt
00:00:11]} Qc7 {[%clk 00:44:14]} {[%emt 00:01:30]} 21. Qc2 {[%clk 01:18:52]}
{[%emt 00:01:46]} g6 {[%clk 00:41:35]} {[%emt 00:03:09]} 22. Nxd5 {[%clk
01:18:24]} {[%emt 00:00:58]} Qa5 {[%clk 00:40:55]} {[%emt 00:01:11]} 23. Nc3
{[%clk 01:18:45]} {[%emt 00:00:08]} O-O-O {[%clk 00:40:09]} {[%emt 00:01:15]}
24. O-O-O {[%clk 01:17:13]} {[%emt 00:02:02]} f5 {[%clk 00:35:49]} {[%emt
00:04:50]} 25. d5 {[%clk 01:16:21]} {[%emt 00:01:22]} c5 {[%clk 00:31:05]}
{[%emt 00:05:15]} 26. Qa4 {[%clk 01:13:08]} {[%emt 00:03:43]} Qxa4 {[%clk
00:27:43]} {[%emt 00:03:52]} 27. Nxa4 {[%clk 01:13:29]} {[%emt 00:00:08]} b5
{[%clk 00:28:02]} {[%emt 00:00:11]} 28. Nc3 {[%clk 01:13:30]} {[%emt 00:00:30]}
Bf6 {[%clk 00:25:46]} {[%emt 00:02:46]} 29. Ne2 {[%clk 01:13:26]} {[%emt
00:00:33]} Be5 {[%clk 00:22:33]} {[%emt 00:03:43]} 30. Nf4 {[%clk 01:13:27]}
{[%emt 00:00:30]} Bxf4 {[%clk 00:21:20]} {[%emt 00:01:44]} 31. exf4 {[%clk
01:13:49]} {[%emt 00:00:07]} h5 {[%clk 00:17:57]} {[%emt 00:03:53]} 32. Rhe1
{[%emt 00:03:25]} Rd6 {[%clk 00:15:32]} 33. Re5 {[%clk 01:12:56]} {[%emt
00:01:23]} Rhd8 {[%clk 00:15:41]} {[%emt 00:00:21]} 34. Kc2 {[%clk 01:12:53]}
{[%emt 00:00:32]} Kc7 {[%clk 00:14:40]} {[%emt 00:01:30]} 35. Kc3 {[%clk
01:12:30]} {[%emt 00:00:54]} Kb6 {[%clk 00:14:07]} {[%emt 00:01:03]} 36. Rd2
{[%clk 01:12:13]} {[%emt 00:00:48]} Kc7 {[%clk 00:13:53]} {[%emt 00:00:44]} 37.
b3 {[%clk 01:11:39]} {[%emt 00:01:05]} Kb7 {[%clk 00:12:55]} {[%emt 00:01:27]}
38. Re7 {[%clk 01:11:22]} {[%emt 00:00:46]} R8d7 {[%clk 00:12:45]} {[%emt
00:00:40]} 39. Re5 {[%clk 01:09:42]} {[%emt 00:02:11]} Kc7 {[%clk 00:12:47]}
{[%emt 00:00:28]} 40. f3 {[%clk 01:09:49]} {[%emt 00:00:23]} Rf6 {[%clk
00:12:11]} {[%emt 00:01:03]} 41. Rde2 {[%clk 01:09:08]} {[%emt 00:01:13]} Rfd6
{[%clk 00:11:02]} {[%emt 00:01:39]} 42. Rd2 {[%clk 01:08:13]} {[%emt 00:01:26]}
Rf6 {[%clk 00:11:13]} {[%emt 00:00:18]} 43. Kc2 {[%clk 01:08:27]} {[%emt
00:00:16]} Kb7 {[%clk 00:02:42]} {[%emt 00:09:01]} 44. Rde2 {[%clk 01:07:57]}
{[%emt 00:01:01]} Rfd6 {[%clk 00:02:29]} {[%emt 00:00:43]} 45. Re6 {[%clk
01:07:41]} {[%emt 00:00:45]} Kc7 {[%clk 00:02:26]} {[%emt 00:00:33]} 46. Rxd6
{[%clk 01:07:56]} {[%emt 00:00:15]} Rxd6 {[%emt 00:00:12]} 47. Re5 {[%clk
01:08:18]} {[%emt 00:00:06]} Rf6 {[%clk 00:00:54]} {[%emt 00:02:23]} 48. Kc3
{[%clk 01:08:21]} {[%emt 00:00:27]} Kd7 {[%clk 00:28:52]} {[%emt 00:02:30]} 49.
a3 {[%clk 01:38:02]} {[%emt 00:00:51]} Kc7 {[%clk 00:28:12]} {[%emt 00:01:08]}
50. Re7 {[%clk 01:36:46]} {[%emt 00:01:47]} Kd6 {[%clk 00:28:21]} {[%emt
00:00:21]} 51. Re5 {[%clk 01:36:38]} {[%emt 00:00:38]} Kc7 {[%clk 00:28:39]}
{[%emt 00:00:12]} 52. Re8 {[%clk 01:36:38]} {[%emt 00:00:30]} Kd7 {[%clk
00:22:47]} {[%emt 00:06:22]} 53. Re5 {[%clk 01:36:03]} {[%emt 00:01:06]} Kc7
{[%clk 00:21:56]} {[%emt 00:01:20]} 54. a4 {[%clk 01:32:25]} {[%emt 00:04:09]}
Kd7 {[%clk 00:20:03]} {[%emt 00:02:23]} 55. axb5 {[%clk 01:29:02]} {[%emt
00:03:52]} axb5 {[%clk 00:20:10]} {[%emt 00:00:23]} 56. b4 {[%clk 01:28:18]}
{[%emt 00:01:14]} Kd6 {[%clk 00:17:01]} {[%emt 00:03:40]} 57. bxc5 {[%clk
01:27:31]} {[%emt 00:01:17]} Kxc5 {[%clk 00:16:45]} {[%emt 00:00:45]} 58. d6
{[%clk 01:27:49]} {[%emt 00:00:12]} Kc6 {[%clk 00:16:16]} {[%emt 00:00:59]} 59.
Kb4 {[%clk 01:26:14]} {[%emt 00:02:05]} Rxd6 {[%clk 00:15:57]} {[%emt
00:00:50]} 60. Rc5 {[%clk 01:26:09]} {[%emt 00:00:35]} Kd7 {[%clk 00:15:21]}
{[%emt 00:01:06]} 61. Rc2 {[%clk 01:24:39]} {[%emt 00:02:00]} Rd5 {[%clk
00:15:02]} {[%emt 00:00:43]} 62. Ka5 {[%clk 01:24:07]} {[%emt 00:01:09]} Kd6
{[%clk 00:14:07]} {[%emt 00:01:23]} 63. Kb4 {[%clk 01:23:16]} {[%emt 00:01:22]}
Ke6 {[%clk 00:13:57]} {[%emt 00:00:35]} 64. Re2 {[%clk 01:20:11]} {[%emt
00:03:38]} Kf6 {[%clk 00:13:45]} {[%emt 00:00:41]} 65. Ka5 {[%clk 01:20:28]}
{[%emt 00:00:14]} g5 {[%clk 00:13:11]} {[%emt 00:01:05]} 66. fxg5 {[%clk
01:20:19]} {[%emt 00:00:39]} Kxg5 {[%clk 00:13:31]} {[%emt 00:00:10]} 67. Kb4
{[%clk 01:17:33]} {[%emt 00:03:18]} f4 {[%clk 00:12:53]} {[%emt 00:01:07]} 68.
gxf4 {[%clk 01:16:25]} {[%emt 00:01:37]} Kxf4 {[%clk 00:13:04]} {[%emt
00:00:20]} 69. Re4 {[%emt 00:04:04]} Kg3 70. Re2 {[%emt 00:00:05]} h4 {[%emt
00:00:06]} 1/2-1/2

[Event "DVM U14 2022"]
[Site "Kelheim GER"]
[Date "2022.12.29"]
[Round "5"]
[White "Yetim, Orhan"]
[Black "Babychev, Mykhailo"]
[Result "1-0"]
[Termination "normal"]
[Board "5.4"]
[WhiteElo "1404"]
[BlackElo "1393"]
[WhiteClock "01:07:20"]
[BlackClock "01:21:43"]
[WhiteTeam "Schachfreunde Augsburg"]
[BlackTeam "Hamburger SK von 1830 eV"]
[PlyCount "46"]
[WhiteFideId "34640371"]
[BlackFideId "34637273"]
[EventCountry "GER"]
[EventRounds "7"]
[EventType "team-swiss"]
[EventDate "2022.12.26"]

1. e4 {[%clk 01:30:55]} c5 {[%clk 01:30:35]} {[%emt 00:00:26]} 2. Nf3 {[%clk
01:30:59]} {[%emt 00:00:26]} e6 {[%clk 01:30:54]} {[%emt 00:00:11]} 3. c3
{[%clk 01:31:03]} {[%emt 00:00:26]} Nc6 {[%clk 01:31:04]} {[%emt 00:00:20]} 4.
d4 {[%clk 01:30:31]} {[%emt 00:01:03]} cxd4 {[%clk 01:31:17]} {[%emt 00:00:16]}
5. cxd4 {[%clk 01:30:43]} {[%emt 00:00:17]} d6 {[%clk 01:31:39]} {[%emt
00:00:10]} 6. Nc3 {[%clk 01:30:07]} {[%emt 00:01:06]} Nf6 {[%clk 01:31:42]}
{[%emt 00:00:27]} 7. Bb5 {[%clk 01:29:58]} {[%emt 00:00:38]} Bd7 {[%clk
01:31:52]} {[%emt 00:00:20]} 8. O-O {[%clk 01:28:11]} {[%emt 00:02:17]} Be7
{[%clk 01:32:15]} {[%emt 00:00:07]} 9. Qb3 {[%clk 01:27:22]} {[%emt 00:01:18]}
Qc7 {[%clk 01:32:23]} {[%emt 00:00:22]} 10. Bg5 {[%clk 01:25:16]} {[%emt
00:02:37]} a6 {[%clk 01:32:35]} {[%emt 00:00:18]} 11. Bd3 {[%clk 01:23:42]}
{[%emt 00:02:03]} O-O {[%clk 01:32:38]} {[%emt 00:00:28]} 12. Rfe1 {[%clk
01:21:42]} {[%emt 00:02:31]} Nh5 {[%clk 01:31:19]} {[%emt 00:01:48]} 13. Bxe7
{[%clk 01:21:27]} {[%emt 00:00:43]} Nxe7 {[%clk 01:31:43]} {[%emt 00:00:09]}
14. g3 {[%clk 01:20:54]} {[%emt 00:01:03]} Rac8 {[%clk 01:30:19]} {[%emt
00:01:54]} 15. e5 {[%clk 01:17:32]} {[%emt 00:03:52]} Bc6 {[%clk 01:29:13]}
{[%emt 00:01:35]} 16. Qd1 {[%clk 01:15:07]} {[%emt 00:02:56]} g6 {[%clk
01:29:06]} {[%emt 00:00:37]} 17. Be4 {[%clk 01:13:35]} {[%emt 00:02:01]} d5
{[%clk 01:28:05]} {[%emt 00:01:31]} 18. Bc2 {[%clk 01:12:23]} {[%emt 00:01:42]}
Ng7 {[%clk 01:26:37]} {[%emt 00:01:59]} 19. Qd2 {[%clk 01:09:51]} {[%emt
00:03:01]} Ngf5 {[%clk 01:26:19]} {[%emt 00:00:48]} 20. g4 {[%clk 01:09:37]}
{[%emt 00:00:44]} Ng7 {[%clk 01:26:18]} {[%emt 00:00:32]} 21. Qh6 {[%clk
01:08:46]} {[%emt 00:01:20]} f6 {[%clk 01:21:19]} {[%emt 00:05:30]} 22. exf6
{[%clk 01:07:51]} {[%emt 00:01:22]} Rxf6 {[%clk 01:21:43]} {[%emt 00:00:08]}
23. Ng5 {[%clk 01:07:20]} {[%emt 00:01:02]} Kf8 {[%clk 01:21:43]} {[%emt
00:00:30]} 1-0